| 000 | 00878nam a22002897i 4500 | ||
|---|---|---|---|
| 999 |
_c169971 _d169971 |
||
| 005 | 20181024103040.0 | ||
| 008 | 181023t20112011my ||||j |||| 00| 1 chi d | ||
| 020 |
_a9789675439094 _cRM20.00 _qpaperback |
||
| 040 |
_aPPAK _beng _cPPAK _erda |
||
| 082 | 0 | 4 |
_223 _a895.1352 |
| 090 | 0 | 0 |
_a895.1352 _bYUW _dK |
| 100 | 1 |
_aYuwen _d1984- _eauthor. |
|
| 245 | 1 | 0 |
_aWo xiang xin ni = _bI believe you / _cYuwen |
| 246 | 3 | 1 | _aI believe you |
| 264 | 1 |
_aCheras, Kuala Lumpur : _bOdonata Publishing Sdn, Bhd., _c2011 |
|
| 264 | 4 | _c©2011 | |
| 300 |
_a219 pages ; _c21 cm |
||
| 336 |
_2rdacontent _atext |
||
| 337 |
_2rdamedia _aunmediated |
||
| 338 |
_2rdacarrier _avolume |
||
| 490 | 1 |
_aYuwen zuo pin ; _v2 |
|
| 650 | 1 | 0 | _aYoung adult fiction, Chinese |
| 650 | 2 | 0 |
_aChinese fiction _zMalaysia |
| 650 | 2 | 0 | _aMalaysian fiction (Chinese) |
| 830 | 0 |
_aYuwen zuo pin ; _n2 |
|
| 942 |
_2ddc _cB |
||